Countries without IOUs Quiz Stats

 Plays Quiz Updated Dec 10, 2018

Challenge
Share
Tweet
Embed
Score 0/28 Timer 05:00
13 Plays Today
Country % Correct
Canada
86.2%
France
82.5%
Japan
80.6%
Sweden
75.8%
Germany
75.8%
Egypt
71.9%
Greece
63.9%
Denmark
62.2%
Chad
59.1%
New Zealand
56.3%
Panama
53.7%
Yemen
52.2%
Netherlands
48.7%
Kenya
48.4%
Country % Correct
Ghana
47%
Nepal
45.1%
Madagascar
42.4%
Malta
41.6%
Qatar
40.4%
Bahamas
39.5%
Kazakhstan
39.4%
Rwanda
38.4%
Kyrgyzstan
33.6%
Myanmar
31.8%
Senegal
30.5%
Seychelles
29.6%
Bangladesh
28.9%
Grenada
26%

You're not logged in!

Compare scores with friends on all Sporcle quizzes.
OR
Log In

You Might Also Like...

Show Comments

Extras

Top Quizzes Today


Score Distribution

Your Account Isn't Verified!

In order to create a playlist on Sporcle, you need to verify the email address you used during registration. Go to your Sporcle Settings to finish the process.

Report this User

Report this user for behavior that violates our Community Guidelines.

Details: